000 00730nam a2200265Ia 4500
005 20260306164252.0
008 008 260114s9999 xx 000 0 eng d
020 _a9780226826219
037 _aEBOOK
040 _aCRL
040 _beng
040 _cCRL
041 _2eng
041 _aeng
084 _qCRL
100 _aAllais
_9924207
245 0 _aEconomy And Interest: A New Presentation Of The Fundamental Problems Related To The Economic Role Of The Rate Of Interest And Their Solutions
260 _bUniversity of Chicago Press
260 _c2025
650 _aEconomics & Finance
856 _uhttps://academic.oup.com/book/59380
942 _cEBOOK
999 _c1713436
_d1713436